Brainrot Quiz #2 - Statistics

General Stats
  • This quiz has been taken 814 times
  • The average score is 9 of 12
Answer Stats
Hint Answer % Correct
Fill in the blank: Erm... what the _____ sigma
96%
Fill in the blank: Sticking out your gyatt for the _____ rizzler
94%
Fill in the blank: You are my _____, my only ______ sunshine
89%
What is the name of the pig calling you at 3am? John Pork
87%
Who says Gedagedigedagedago? Chicken Nugget
74%
When you keep giving the same guy lots of compliments nonstop Glazing
72%
What variant of Quandale Dingle was at the tiktok rizz party? Turkish
70%
What does red larva say Oi oi oi
64%
Who is the leader of the tiktok rizz party? Blue tie kid
58%
What is the profession of the guy that says "boy it's just alcohol" Barber
54%
What is the text usually above the black and white picture of Peter Griffin shooting a basketball? Green fn
54%
Fill in the blank: Bro reached ____ status unc
49%
No matching quizzes found
Score Distribution
Percent of People with Each Score
Percentile by Number Answered
Your Score History
You have not taken this quiz